Pedagogia y postmodernidad (Parte I) (Registro nro. 392253)

Detalles MARC
001 - NÚMERO DE CONTROL
campo de control 984338
005 - FECHA Y HORA DE LA ÚLTIMA TRANSACCIÓN
campo de control 20251209154932.0
008 - DATOS DE LONGITUD FIJA--INFORMACIÓN GENERAL
campo de control de longitud fija 060717s1998 spa
035 ## - NÚMERO DE CONTROL DEL SISTEMA
Número de control de sistema 984338
035 ## - NÚMERO DE CONTROL DEL SISTEMA
Número de control de sistema (OCoLC)820356847
040 ## - FUENTE DE LA CATALOGACIÓN
Centro/agencia transcriptor comduadb
041 ## - CÓDIGO DE LENGUA
Código de lengua del texto/banda sonora o título independiente spa
100 10 - ENTRADA PRINCIPAL--NOMBRE DE PERSONA
Nombre de persona Bedoya Madrid, José Iván,
Código de función aut
Término indicativo de función/relación Autor/a
9 (RLIN) 497683
245 10 - MENCIÓN DE TÍTULO
Título Pedagogia y postmodernidad (Parte I)
650 #7 - PUNTO DE ACCESO ADICIONAL DE MATERIA--TÉRMINO DE MATERIA
Término de materia o nombre geográfico como elemento de entrada Pedagogía
Fuente del encabezamiento o término lemb
9 (RLIN) 1626
650 ## - PUNTO DE ACCESO ADICIONAL DE MATERIA--TÉRMINO DE MATERIA
Término de materia o nombre geográfico como elemento de entrada Posmodernidad
9 (RLIN) 81206
650 ## - PUNTO DE ACCESO ADICIONAL DE MATERIA--TÉRMINO DE MATERIA
Término de materia o nombre geográfico como elemento de entrada Posmodernidad y educación
9 (RLIN) 151821
773 0# - ENLACE AL DOCUMENTO FUENTE/ENTRADA DE REGISTRO ANFITRIÓN
Título Debates (Medellín)
Parte(s) relacionada(s) Número 23, Junio 1998, p. 20-21
Número de control del registro 628405
Número Internacional Estándar del Libro 1657429X
Número bibliográfico anfitrión 162056
942 ## - ELEMENTOS DE ENTRADA AGREGADA (KOHA)
Tipo de ítem Koha Artículo de Revista

No hay ítems disponibles.